Tratado de mineralogía, con un tratado extenso sobre cristalografía y mineralogía física / (Record no. 51644)

MARC details
000 -LEADER
campo de control de longitud fija 00662nam a2200181 i 4500
001 - NÚMERO DE CONTROL
campo de control 51644
003 - IDENTIFICADOR DE NÚMERO DE CONTROL
campo de control ES-MaACL
005 - FECHA Y HORA DE LA ÚLTIMA TRANSACCIÓN
campo de control 20230906162412.0
007 - CAMPO FIJO DE DESCRIPCIÓN FÍSICA--INFORMACIÓN GENERAL
campo de control de longitud fija t|
008 - DATOS DE LONGITUD FIJA--INFORMACIÓN GENERAL
campo de control de longitud fija 030814s1975 mx ||||1| spa d
100 1# - ENTRADA PRINCIPAL--NOMBRE DE PERSONA
Nombre de persona Dana, Edward Salisbury.
9 (RLIN) 42588
245 10 - MENCIÓN DEL TÍTULO
Título Tratado de mineralogía, con un tratado extenso sobre cristalografía y mineralogía física /
Mención de responsabilidad, etc. por Edward Salisbury Dana ; edicion revisada y aumentada por William E. Ford.
250 ## - MENCION DE EDICION
Mención de edición [1ª ed., 4ª imp.].
260 ## - PUBLICACIÓN, DISTRIBUCIÓN, ETC.
Lugar de publicación, distribución, etc. México :
Nombre del editor, distribuidor, etc. Compañía Editorial Continental,
Fecha de publicación, distribución, etc. [1975]
300 ## - DESCRIPCIÓN FÍSICA
Extensión 912 p. :
Otras características físicas il. ;
Dimensiones 24 cm.
700 1# - ENTRADA AGREGADA--NOMBRE PERSONAL
Nombre de persona Ford, William E.
9 (RLIN) 51713
852 ## - LOCALIZACIÓN
Ubicación ES-MaACL
Número de control de estantería A-5986
Sublocalización o colección R.94949
Holdings
Estatus retirado Estado de pérdida Estado de daño No para préstamo Biblioteca de origen Biblioteca actual Ubicación en estantería Fecha de adquisición Fuente de adquisición Total de préstamos Signatura topográfica completa Código de barras Visto por última vez Precio de reemplazo Tipo de ítem Koha
        Biblioteca del Ateneo de Madrid Biblioteca del Ateneo de Madrid Sala Pecera Planta 1 17/01/2008     A-5986 1054309 23/02/2023 23/02/2023 Libro impreso